| 000 | 01449nam a2200253Ia 4500 | ||
|---|---|---|---|
| 003 | Ost | ||
| 005 | 20260507075144.0 | ||
| 008 | 260507s9999||||xx |||||||||||||| ||und|| | ||
| 020 | _a61540699579 | ||
| 040 | _cfsecg | ||
| 041 | _aara | ||
| 082 | _a330 | ||
| 100 |
_aأحمد، محمد سمير _eمؤلف |
||
| 245 | 0 |
_aالتسويق الالكتروني / _c محمد سمير أحمد |
|
| 260 |
_aعمان: _bدار المسيرة, _c2008 |
||
| 300 |
_a304 صفحة؛ _bإيضاحات ؛ _c24 سم |
||
| 504 | _aالمراجع ص.303 | ||
| 520 | _aمدخل الى الأعمال الإلكترونية- نظام المعلومات التسويقية للأعمال الإلكترونية- إدارة التمييز كمدخل لمواجهة المنافسة- مدخل الى عصر الخدمة الإلكترونية- التسويق الإلكتروني- التخطيط الإستراتيجي للتسويق الإلكتروني- الإنترنت وتسويق الخدمات عبر الأنترنت- تسعير المنتجات المباعة عبر الإنترنت- الإعلان عبر الأنترنت- التوزيع في عصر الإنترنت- المجتمعات الإفتراضية- الخصوصية وأمن المعلومات | ||
| 653 | _aأدارة المبيعات | ||
| 653 | _aالتسويق | ||
| 653 | _aالتسويق- الأنترنت | ||
| 653 | _aتكنولوجيا المعلومات | ||
| 942 | _cكتاب | ||
| 999 |
_c43314 _d43314 |
||